Laddering : unlocking the potential of consumer behavior

সংরক্ষণ করুন:
গ্রন্থ-পঞ্জীর বিবরন
প্রধান লেখক:  Holtzclaw, Eric V
বিন্যাস: Sách
ভাষা:Undetermined
প্রকাশিত:  John Wiley & Sons  2013
বিষয়গুলি:
ট্যাগগুলো: ট্যাগ যুক্ত করুন
কোনো ট্যাগ নেই, প্রথমজন হিসাবে ট্যাগ করুন!
Thư viện lưu trữ: Trung tâm Thư viện - Trường Đại học Công nghiệp TP. Hồ Chí Minh
LEADER 00525nam a2200157Ia 4500
001 UIH_04268
008 231011s9999 xx 000 0 und d
082 |a  658.8342 
100 |a  Holtzclaw, Eric V 
245 0 |a  Laddering : unlocking the potential of consumer behavior 
245 0 |c  Holtzclaw, Eric V 
260 |b  John Wiley & Sons 
260 |c  2013 
650 |a  Hành vi người tiêu dùng;  
927 |a Sách 
980 |a Trung tâm Thư viện - Trường Đại học Công nghiệp TP. Hồ Chí Minh